The longest F1 press conference question - Fill in the blank - Statistics

General Stats
  • This quiz has been taken 209 times
  • The average score is 15 of 25
Answer Stats
Question Part % Correct
"Take a trained {monkey},
91%
And he is able to {drive} the car.
89%
Thirty years {later}
86%
the wrong {button} on the wheel.
83%
with 20 and more buttons on the {wheel},
81%
{Gentlemen}, a short view back to the past.
79%
{Niki Lauda} told us:
77%
Place him into the {cockpit},
77%
under {pressure}?
76%
{Thirty} years ago,
75%
Its very {complicated}"
73%
{Sebastian} told us:
72%
{Question} for you two both:
69%
"I had to start my car like a {computer}
68%
And {Nico Rosberg} said, err,
63%
Less {buttons}, more?
61%
err, i don't {remember} what race
57%
during the {race}?
55%
Or less and more {communication}
43%
he {pressed} during the race,
42%
with your {engineers}.
37%
What are your {wishes} for the future,
31%
are you too much under {effort},
24%
Is {formula 1 driving} today too complicated?
20%
concerning the {technical program}, errrm,
17%
No matching quizzes found
Score Distribution
Percent of People with Each Score
Percentile by Number Answered
Your Score History
You have not taken this quiz